عرض عادي
عرض مارك
- شحيتلي، عبد الرحمن علي،
دخول Personal Name
001 - CONTROL NUMBER
- control field: 29437
003 - CONTROL NUMBER IDENTIFIER
- control field: AE-AdECS
005 - DATE AND TIME OF LATEST TRANSACTION
- control field: 20260501103236.0
008 - FIXED-LENGTH DATA ELEMENTS
- fixed length control field: 260501|| aca||aabn | a|a d
040 ## - CATALOGING SOURCE
- Original cataloging agency: AE-AdECS
- Transcribing agency: AE-AdECS
100 ## - HEADING--PERSONAL NAME
- Personal name: شحيتلي، عبد الرحمن علي،
- Dates associated with a name: 1954-
670 ## - SOURCE DATA FOUND
- Source citation: Work cat.: (AE-AdECS)294950: شحيتلي، عبد الرحمن علي، 1954- مؤلف., الحدود اللبنانية البرية والبحرية :
